000
00276nam a22001097a 4500
082
_a
355.95491 RIZ'M
100
_a
RIZVI, HASAN ASKARI
_9
74711
245
_a
THE MILITARY AND POLITICS IN PAKISTAN 1947-86
260
_a
LAHORE
_b
PROGRESSIVE
_c
1986
300
_a
339P
942
_c
BK
999
_c
580211
_d
580211